01010nam a2200241 i 450000100060000000300090000600500170001500700030003200800410003508000370007608000200011310000380013324500960017126001250026730000210039249000770041350000480049060000450053863000450058371000390062883000770066785200240074467250ES-MaACL20250806063126.0t|040511s2004 sp ||||1| spa d a929 Mesonero Romanos, Ramón de a(05)(460.27 M.)1 aCarlos Peña, Alfonso de,d1936-10aMesonero Romanos y "La Ilustración española y americana" / cpor Alfonso Carlos Peña. aMadrid : bAyuntamiento de Madrid, Concejalía de Gobierno de las Artes : bInstituto de Estudios Madrileños, c2004. a32 p. ; c21 cm.1 aCiclo de conferencias: Don Ramón de Mesonero Romanos y su tiempo ;v16 aPrecede al tít.: Centro Mesonero Romanos.14aMesonero Romanos, Ramón de,d1803-188234aLa Ilustración española y americana.2 aInstituto de Estudios Madrileños1 aCiclo de conferencias: Don Ramón de Mesonero Romanos y su tiempo ;v16 aES-MaACLj2175-F-19